MARC details
| 000 -CABECERA |
| campo de control de longitud fija |
01010nam a2200265 a 4500 |
| 001 - NÚMERO DE CONTROL |
| campo de control |
000022664 |
| 005 - FECHA Y HORA DE LA ÚLTIMA TRANSACCIÓN |
| campo de control |
20200930021727.0 |
| 008 - DATOS DE LONGITUD FIJA--INFORMACIÓN GENERAL |
| campo de control de longitud fija |
101014s1997 es 001 0 spa d |
| 020 ## - NÚMERO INTERNACIONAL ESTÁNDAR DEL LIBRO |
| Número Internacional Estándar del Libro |
8423988155 |
| 040 ## - FUENTE DE LA CATALOGACIÓN |
| Centro catalogador/agencia de origen |
DO-SdBNP |
| Lengua de catalogación |
spa |
| Centro/agencia transcriptor |
BNPHU |
| 082 ## - NÚMERO DE LA CLASIFICACIÓN DECIMAL DEWEY |
| Número de clasificación |
xxxx |
| Número de documento/Ítem |
W671a |
| 049 ## - FONDOS LOCALES (OCLC) |
| Fondos de biblioteca |
BNPD |
| 100 1# - ENTRADA PRINCIPAL--NOMBRE DE PERSONA |
| Nombre de persona |
wilde, Oscar |
| Fechas asociadas al nombre |
1854-1900 |
| 9 (RLIN) |
46621 |
| 245 10 - MENCIÓN DE TÍTULO |
| Título |
El abanico de Lady windermere; : |
| Resto del título |
La importancia de llamarse Ernesto ; Un marido ideal ; Una mujer sin importancia ; El crítico como artista ; Ensayos ; Cuentos completos / |
| Mención de responsabilidad, etc. |
Oscar Wilde. |
| 260 ## - PUBLICACIÓN, DISTRIBUCIÓN, ETC. |
| Lugar de publicación, distribución, etc. |
Madrid, : |
| Nombre del editor, distribuidor, etc. |
Editorial Espasa Calpe, |
| Fecha de publicación, distribución, etc. |
1997. |
| Fabricante |
Huertas |
| 300 ## - DESCRIPCIÓN FÍSICA |
| Extensión |
711 p. ; |
| Dimensiones |
22 cm. |
| 490 1# - MENCIÓN DE SERIE |
| Mención de serie |
Antología de la literatura universal |
| 563 ## - NOTA DE ENCUADERNACIÓN |
| Nota de encuadernación |
Varias obras empaginadas en páginas continuas |
| 740 2# - PUNTO DE ACCESO ADICIONAL--TÍTULO RELACIONADO O ANALÍTICO NO CONTROLADO |
| Título relacionado o analítico no controlado |
La importancia de llamarse Ernesto |
| 740 2# - PUNTO DE ACCESO ADICIONAL--TÍTULO RELACIONADO O ANALÍTICO NO CONTROLADO |
| Título relacionado o analítico no controlado |
Un marido ideal ; Una mujer sin importancia |
| 740 2# - PUNTO DE ACCESO ADICIONAL--TÍTULO RELACIONADO O ANALÍTICO NO CONTROLADO |
| Título relacionado o analítico no controlado |
El crítico como artista |
| 740 2# - PUNTO DE ACCESO ADICIONAL--TÍTULO RELACIONADO O ANALÍTICO NO CONTROLADO |
| Título relacionado o analítico no controlado |
Ensayos |
| 740 2# - PUNTO DE ACCESO ADICIONAL--TÍTULO RELACIONADO O ANALÍTICO NO CONTROLADO |
| Título relacionado o analítico no controlado |
Cuentos completos |
| 830 #0 - PUNTO DE ACCESO ADICIONAL DE SERIE-TÍTULO UNIFORME |
| Título uniforme |
Antología de la literatura universa |
| 9 (RLIN) |
46616 |